000 00389nam a2200157Ia 4500
008 230711s9999||||xx |||||||||||||| ||und||
041 _aENG
082 _a720
_bEY-A
100 _aKristen Lippincott
245 0 _aAstronomy (eyewitness science)
250 _a1st Ed.
260 _c1994
_aLondon
_bDorling Kindersley Publishers LtdĀ 
300 _a64
650 _aLiterature
942 _cBK
999 _c2796
_d2796